[Event "San Francisco TNM Spring op"]
[Site "San Francisco"]
[Date "2016.04.26"]
[Round "7"]
[White "Nassif, Wassim J"]
[Black "Bertot, German"]
[Result "0-1"]
[WhiteElo "1187"]
[BlackElo "1589"]
[PlyCount "56"]
[EventDate "2016.03.15"]
[EventType "swiss"]
[EventRounds "8"]
[EventCountry "USA"]
[SourceTitle "EXT 2018"]
[Source "ChessBase"]
[SourceDate "2017.10.13"]
[SourceVersion "1"]
[SourceVersionDate "2017.10.13"]
[SourceQuality "1"]

1. e4 e5 2. Nf3 Nc6 3. Bc4 Bc5 4. 0-0 Nf6 5. Nc3 d6 6. a3 a6 7. b4 Ba7 8. d3 0-0 9. Qe2 Bg4 10. h3 Nd4 11. Qd1 Nxf3+ 12. gxf3 Bxh3 13. Re1 Nh5 14. Ne2 Qh4 15. d4 exd4 16. Qd3 Be6 17. Ba2 Rae8 18. Nxd4 Bxa2 19. Rxa2 f5 20. Be3 fxe4 21. fxe4 Qg4+ 22. Kf1 Ng3+ 23. Kg2 Nxe4+ 24. Kf1 Ng3+ 25. Kg2 Ne2+ 26. Kf1 Nxd4 27. Qc4+ Kh8 28. Bxd4 Qh3+ 0-1

[Event "San Francisco TNM Spring op"]
[Site "San Francisco"]
[Date "2014.04.22"]
[Round "6"]
[White "Bayaraa, Chinguun"]
[Black "Bertot, German"]
[Result "1/2-1/2"]
[WhiteElo "1775"]
[BlackElo "1631"]
[PlyCount "40"]
[EventDate "2014.03.18"]
[EventType "swiss"]
[EventRounds "8"]
[EventCountry "USA"]
[SourceTitle "EXT 2016"]
[Source "ChessBase"]
[SourceDate "2015.10.08"]
[SourceVersion "1"]
[SourceVersionDate "2015.10.08"]
[SourceQuality "1"]

1. d4 Nf6 2. c4 e6 3. Nc3 d5 4. Bg5 c6 5. e3 Nbd7 6. Nf3 Qa5 7. Nd2 Bb4 8. Qc2 dxc4 9. Bxf6 Nxf6 10. Nxc4 Qc7 11. a3 Bxc3+ 12. bxc3 0-0 13. Bd3 b6 14. 0-0 Ng4 15. g3 h6 16. Be2 Nf6 17. Bf3 Ba6 18. Be2 c5 19. Ne5 Bb7 20. Qb2 Ne4 1/2-1/2

[Event "San Francisco TNM Spring op"]
[Site "San Francisco"]
[Date "2014.04.15"]
[Round "5"]
[White "Bertot, German"]
[Black "Hilliard, Michael"]
[Result "1-0"]
[WhiteElo "1631"]
[BlackElo "1400"]
[PlyCount "41"]
[EventDate "2014.03.18"]
[EventType "swiss"]
[EventRounds "8"]
[EventCountry "USA"]
[SourceTitle "EXT 2016"]
[Source "ChessBase"]
[SourceDate "2015.10.08"]
[SourceVersion "1"]
[SourceVersionDate "2015.10.08"]
[SourceQuality "1"]

1. d4 d5 2. Nf3 e6 3. c4 c5 4. e3 Nc6 5. Nc3 Nf6 6. Bd3 Bd6 7. cxd5 exd5 8. dxc5 Bxc5 9. 0-0 0-0 10. a3 Bg4 11. h3 Be6 12. b4 Bd6 13. Bb2 Qd7 14. Nb5 Bxh3 15. Ng5 Bxg2 16. Kxg2 Be5 17. Nxh7 Bxb2 18. Nxf6+ Bxf6 19. Bh7+ Kh8 20. Qh5 g6 21. Bxg6+ 1-0

[Event "San Francisco TNM Winter op"]
[Site "San Francisco"]
[Date "2014.02.25"]
[Round "8"]
[White "Olson, David L"]
[Black "Bertot, German"]
[Result "0-1"]
[WhiteElo "1415"]
[BlackElo "1631"]
[PlyCount "32"]
[EventDate "2014.01.07"]
[EventType "swiss"]
[EventRounds "8"]
[EventCountry "USA"]
[SourceTitle "EXT 2016"]
[Source "ChessBase"]
[SourceDate "2015.10.08"]
[SourceVersion "1"]
[SourceVersionDate "2015.10.08"]
[SourceQuality "1"]

1. e4 e5 2. Nf3 Nc6 3. Nc3 Bc5 4. Bc4 Nf6 5. 0-0 d6 6. d3 Bg4 7. Be3 Nd4 8. h3 Nxf3+ 9. gxf3 Bxh3 10. Re1 Nh5 11. f4 Nxf4 12. Bxf4 Qh4 13. Be3 Bg4 14. f3 Qg3+ 15. Kf1 Bh3+ 16. Ke2 Qg2+ 0-1

[Event "San Francisco TNM Winter op"]
[Site "San Francisco"]
[Date "2014.02.18"]
[Round "7"]
[White "Bertot, German"]
[Black "Askin, Michael"]
[Result "0-1"]
[WhiteElo "1631"]
[BlackElo "1903"]
[PlyCount "34"]
[EventDate "2014.01.07"]
[EventType "swiss"]
[EventRounds "8"]
[EventCountry "USA"]
[SourceTitle "EXT 2016"]
[Source "ChessBase"]
[SourceDate "2015.10.08"]
[SourceVersion "1"]
[SourceVersionDate "2015.10.08"]
[SourceQuality "1"]

1. d4 d5 2. c4 c6 3. Nc3 Nf6 4. Nf3 e6 5. Bg5 h6 6. Bh4 dxc4 7. a4 Bb4 8. Qc2 b5 9. e4 g5 10. Bg3 Bb7 11. Be2 Nbd7 12. 0-0 a6 13. Rad1 Nb6 14. axb5 cxb5 15. Be5 Bxc3 16. Bxf6 Qxf6 17. Qxc3 Bxe4 0-1

[Event "San Francisco TNM Spring op"]
[Site "San Francisco"]
[Date "2011.04.12"]
[Round "5"]
[White "Bertot, German"]
[Black "Frank, Robert"]
[Result "1/2-1/2"]
[WhiteElo "1590"]
[BlackElo "1295"]
[PlyCount "109"]
[EventDate "2011.03.15"]
[EventType "swiss"]
[EventRounds "8"]
[EventCountry "USA"]
[SourceTitle "EXT 2012"]
[Source "ChessBase"]
[SourceDate "2011.11.24"]
[SourceVersion "1"]
[SourceVersionDate "2011.11.24"]
[SourceQuality "1"]

1. d4 Nf6 2. Nf3 d5 3. c4 e6 4. Nc3 Bb4 5. Qc2 c5 6. Bd2 cxd4 7. Nxd4 e5 8. Qa4+ Nc6 9. Nxc6 bxc6 10. Qxb4 a5 11. Qc5 Bb7 12. cxd5 Nxd5 13. e4 Qe7 14. Na4 Nb4 15. Qxe7+ Kxe7 16. Bxb4+ axb4 17. Nc5 Ra7 18. Bc4 Rd8 19. Rd1 Rd4 20. Rxd4 exd4 21. Nd3 f6 22. Bb3 Kd6 23. Nxb4 c5 24. Nd5 Ba6 25. Nb6 Rb7 26. Nc4+ Bxc4 27. Bxc4 Rxb2 28. Rf1 Rc2 29. Bd5 c4 30. Kd1 d3 31. Re1 Kc5 32. f4 Rxa2 33. Bg8 Ra1+ 34. Kd2 c3+ 35. Kxc3 Rxe1 36. Kxd3 h6 37. Bd5 g5 38. fxg5 hxg5 39. Be6 Kd6 40. Bf5 Ke5 41. g3 Rh1 42. h3 Rg1 43. g4 Rg3+ 44. Ke2 Rxh3 45. Kf2 Kf4 46. Kg2 Re3 47. Kf2 Rxe4 48. Bxe4 Kxg4 49. Bc6 Kf4 50. Bd7 f5 51. Ke2 g4 52. Bc8 Kg5 53. Kf2 f4 54. Bb7 Kh4 55. Bg2 1/2-1/2

[Event "San Francisco TNM Peter Grey op"]
[Site "San Francisco"]
[Date "2010.08.24"]
[Round "4"]
[White "Sherwood, Peter"]
[Black "Bertot, German"]
[Result "1-0"]
[WhiteElo "1801"]
[BlackElo "1551"]
[PlyCount "87"]
[EventDate "2010.08.03"]
[EventType "swiss"]
[EventRounds "9"]
[EventCountry "USA"]
[SourceTitle "EXT 2012"]
[Source "ChessBase"]
[SourceDate "2011.11.24"]
[SourceVersion "1"]
[SourceVersionDate "2011.11.24"]
[SourceQuality "1"]

1. e4 e5 2. Nf3 Nc6 3. Bb5 a6 4. Ba4 Nf6 5. 0-0 d6 6. c3 b5 7. Bb3 Bg4 8. d3 Be7 9. Re1 0-0 10. Nbd2 Qd7 11. Nf1 Na5 12. Bc2 c5 13. Ng3 Nc6 14. h3 Be6 15. d4 cxd4 16. cxd4 exd4 17. Nxd4 Nxd4 18. Qxd4 Qc7 19. Qd3 Rac8 20. Bb1 Qc5 21. Be3 Qb4 22. Qd2 Qxd2 23. Bxd2 Nd7 24. f4 Bf6 25. Bc1 Bd4+ 26. Kh2 Rxc1 27. Rxc1 Bxb2 28. Bd3 Bxa1 29. Rxa1 Rc8 30. a3 Rc3 31. Bf1 Kf8 32. Be2 Nc5 33. Bf3 Nd3 34. Ne2 Rc8 35. Rd1 Bc4 36. Kg3 Ke7 37. Nd4 Nc5 38. Nf5+ Kf8 39. Rxd6 Be2 40. Rd2 Bxf3 41. Kxf3 g6 42. Ne3 Re8 43. e5 Re6 44. Nd5 1-0

[Event "San Francisco TNM Summer op"]
[Site "San Francisco"]
[Date "2010.06.29"]
[Round "6"]
[White "Olson, David L"]
[Black "Bertot, German"]
[Result "0-1"]
[WhiteElo "1400"]
[BlackElo "1554"]
[PlyCount "90"]
[EventDate "2010.05.25"]
[EventType "swiss"]
[EventRounds "8"]
[EventCountry "USA"]
[SourceTitle "EXT 2012"]
[Source "ChessBase"]
[SourceDate "2011.11.24"]
[SourceVersion "1"]
[SourceVersionDate "2011.11.24"]
[SourceQuality "1"]

1. d4 Nf6 2. c4 e6 3. Nf3 d5 4. e3 Nbd7 5. c5 c6 6. Bd3 Qc7 7. 0-0 e5 8. dxe5 Nxe5 9. Nxe5 Qxe5 10. f4 Qc7 11. b4 Be7 12. Bb2 0-0 13. Nd2 Ng4 14. Qf3 f5 15. Qg3 Bf6 16. Bd4 Qe7 17. h3 Bxd4 18. exd4 Nf6 19. Rae1 Ne4 20. Nxe4 fxe4 21. Bc2 Qf6 22. Rd1 Bf5 23. Qg5 Qxg5 24. fxg5 Rae8 25. Rde1 Bd7 26. Re3 Rxf1+ 27. Kxf1 Rf8+ 28. Ke2 Rf5 29. Rg3 Kf7 30. h4 Kg6 31. Re3 Rf4 32. g3 Bg4+ 33. Ke1 Rf7 34. Rb3 a6 35. Re3 Bf3 36. Kf2 Bd1+ 37. Kg2 Bxc2 38. a3 Bd1 39. Kg1 Kh5 40. Kg2 Kg4 41. Re1 Bc2 42. Re3 Bd3 43. Kg1 Rf3 44. Rxf3 Kxf3 45. Kh2 e3 0-1

[Event "San Francisco TNM Summer op"]
[Site "San Francisco"]
[Date "2009.07.07"]
[Round "7"]
[White "Hilliard, Michael"]
[Black "Bertot, German"]
[Result "1/2-1/2"]
[WhiteElo "1400"]
[BlackElo "1561"]
[PlyCount "87"]
[EventDate "2009.05.26"]
[EventType "swiss"]
[EventRounds "8"]
[EventCountry "USA"]
[SourceTitle "EXT 2012"]
[Source "ChessBase"]
[SourceDate "2011.11.24"]
[SourceVersion "1"]
[SourceVersionDate "2011.11.24"]
[SourceQuality "1"]

1. d4 d5 2. Nf3 Nf6 3. e3 Bf5 4. c4 c6 5. Qb3 Qc7 6. cxd5 cxd5 7. Nc3 e6 8. Ne5 Nbd7 9. Bb5 Be7 10. Qa4 a6 11. Nxd7 Nxd7 12. Bxd7+ Qxd7 13. Qxd7+ Kxd7 14. 0-0 Rac8 15. Bd2 Rc6 16. f3 Bd3 17. Rf2 Bf6 18. Be1 Bg5 19. f4 Be7 20. Rd1 Bf5 21. h3 h5 22. Re2 Rhc8 23. e4 dxe4 24. d5 Bc5+ 25. Bf2 Bxf2+ 26. Kxf2 Rd6 27. dxe6+ Bxe6 28. Rxd6+ Kxd6 29. Rxe4 Rc4 30. Rxc4 Bxc4 31. g4 hxg4 32. hxg4 f6 33. Ke3 g5 34. Ke4 Be6 35. f5 Bd7 36. Kd4 Bc6 37. Ne4+ Bxe4 38. Kxe4 Kc5 39. b3 b5 40. a3 a5 41. Kd3 Kd5 42. Ke3 Ke5 43. a4 bxa4 44. bxa4 1/2-1/2